Lords of the Housetops : (Record no. 259347)
[ view plain ]
| 000 -LEADER | |
|---|---|
| fixed length control field | 01788cam a22003973a 4500 |
| 001 - CONTROL NUMBER | |
| control field | 30092 |
| 003 - CONTROL NUMBER IDENTIFIER | |
| control field | PGUSA |
| 005 - DATE AND TIME OF LATEST TRANSACTION | |
| control field | 20140828083641.0 |
| 008 - FIXED-LENGTH DATA ELEMENTS--GENERAL INFORMATION | |
| fixed length control field | 090926s2009||||xxu|||||s|||||000 1 eng d |
| 040 ## - CATALOGING SOURCE | |
| Original cataloging agency | PGUSA |
| Language of cataloging | eng |
| 042 ## - AUTHENTICATION CODE | |
| Authentication code | dc |
| 050 #4 - LIBRARY OF CONGRESS CALL NUMBER | |
| Classification number | PN |
| 245 10 - TITLE STATEMENT | |
| Title | Lords of the Housetops : |
| Remainder of title | Thirteen Cat Tales |
| Medium | [electronic resource] |
| 260 ## - PUBLICATION, DISTRIBUTION, ETC. (IMPRINT) | |
| Name of publisher, distributor, etc | Project Gutenberg, |
| Date of publication, distribution, etc | 2009 |
| 505 0# - FORMATTED CONTENTS NOTE | |
| Formatted contents note | The cat / M. E. W. Freeman -- Zut / G. W. Carryl -- A psychical invasion / A. Blackwood -- The afflictions of an English cat / H. de Balzac (translated from the French by C. Van Vechten) -- Gipsy / B. Tarkington -- The Blue Dryad / G. H. Powell -- Dick Baker's cat / Mark Twain -- The black cat / E. A. Poe -- Madame Jolicoeur's cat / T. A. Janvier -- A friendly rat / W. H. Hudson -- Monty's friend / W. L. Alden -- The queen's cat / P. Bacon -- Calvin / C. D. Warner |
| 506 ## - RESTRICTIONS ON ACCESS NOTE | |
| Terms governing access | Public domain in the USA. |
| 516 ## - TYPE OF COMPUTER FILE OR DATA NOTE | |
| Type of computer file or data note | Electronic text |
| 653 ## - INDEX TERM--UNCONTROLLED | |
| Uncontrolled term | Cats -- Fiction |
| 700 1# - ADDED ENTRY--PERSONAL NAME | |
| Personal name | Blackwood, Algernon, |
| Dates associated with a name | 1869-1951 |
| 700 1# - ADDED ENTRY--PERSONAL NAME | |
| Personal name | Warner, Charles Dudley, |
| Dates associated with a name | 1829-1900 |
| 700 1# - ADDED ENTRY--PERSONAL NAME | |
| Personal name | Van Vechten, Carl, |
| Dates associated with a name | 1880-1964 |
| 700 1# - ADDED ENTRY--PERSONAL NAME | |
| Personal name | Powell, G. H. |
| Fuller form of name | (George Herbert), |
| Dates associated with a name | 1856-1924 |
| 700 1# - ADDED ENTRY--PERSONAL NAME | |
| Personal name | Alden, W. L. |
| Fuller form of name | (William Livingston), |
| Dates associated with a name | 1837-1908 |
| 700 1# - ADDED ENTRY--PERSONAL NAME | |
| Personal name | Bacon, Peggy, |
| Dates associated with a name | 1895-1987 |
| 700 1# - ADDED ENTRY--PERSONAL NAME | |
| Personal name | Poe, Edgar Allan, |
| Dates associated with a name | 1809-1849 |
| 700 1# - ADDED ENTRY--PERSONAL NAME | |
| Personal name | Balzac, Honoré de, |
| Dates associated with a name | 1799-1850 |
| 700 1# - ADDED ENTRY--PERSONAL NAME | |
| Personal name | Hudson, W. H. |
| Fuller form of name | (William Henry), |
| Dates associated with a name | 1841-1922 |
| 700 1# - ADDED ENTRY--PERSONAL NAME | |
| Personal name | Twain, Mark, |
| Dates associated with a name | 1835-1910 |
| 700 1# - ADDED ENTRY--PERSONAL NAME | |
| Personal name | Carryl, Guy Wetmore, |
| Dates associated with a name | 1873-1904 |
| 700 1# - ADDED ENTRY--PERSONAL NAME | |
| Personal name | Tarkington, Booth, |
| Dates associated with a name | 1869-1946 |
| 700 1# - ADDED ENTRY--PERSONAL NAME | |
| Personal name | Janvier, Thomas A. |
| Fuller form of name | (Thomas Allibone), |
| Dates associated with a name | 1849-1913 |
| 700 1# - ADDED ENTRY--PERSONAL NAME | |
| Personal name | Freeman, Mary Eleanor Wilkins, |
| Dates associated with a name | 1852-1930 |
| 830 #0 - SERIES ADDED ENTRY--UNIFORM TITLE | |
| Uniform title | Project Gutenberg |
| Volume number/sequential designation | 30092 |
| 856 40 - ELECTRONIC LOCATION AND ACCESS | |
| Uniform Resource Identifier | <a href="http://www.gutenberg.org/ebooks/30092">http://www.gutenberg.org/ebooks/30092</a> |
| 942 ## - ADDED ENTRY ELEMENTS (KOHA) | |
| Koha item type | eBooks |
| Withdrawn status | Lost status | Damaged status | Home library | Current library | Date acquired | Total Checkouts | Date last seen | Price effective from | Koha item type |
|---|---|---|---|---|---|---|---|---|---|
| Project Gutenberg | Project Gutenberg | 08/28/2014 | 08/28/2014 | 08/28/2014 | eBooks |